000 00580nam a2200205Ia 4500
003 GCL
008 140319s9999 xx 000 0 ara d
040 _aGCL /
_cGCL
082 0 4 _a846
_bس ت
100 1 _aوضاح شرارة
245 1 0 _aتوقيعات /
_cوضاح شرارة
700 1 _aسيورات
700 1 _aلقمان سليم (مترجم)
260 _a[S.N] :
_bدار الجديد ،
_c1991
300 _a119 ص
490 _a
650 0 4 _aالرسائل فى الادب
650 0 4 _aالرسائل الفرنسية المترجمة
942 _2ddc
_cBK
999 _c34395
_d34395